<?xml version="1.0" encoding="UTF-8"?>
<record
    xmlns:xsi="http://www.w3.org/2001/XMLSchema-instance"
    xsi:schemaLocation="http://www.loc.gov/MARC21/slim http://www.loc.gov/standards/marcxml/schema/MARC21slim.xsd"
    xmlns="http://www.loc.gov/MARC21/slim">

  <leader>02114nam a22003617a 4500</leader>
  <controlfield tag="001">1544</controlfield>
  <controlfield tag="003">FISKH</controlfield>
  <controlfield tag="005">20230907154640.0</controlfield>
  <controlfield tag="008">230906b        cb ||||| |||| 00| 0 khr d</controlfield>
  <datafield tag="020" ind1=" " ind2=" ">
    <subfield code="a">9789924340614</subfield>
  </datafield>
  <datafield tag="040" ind1=" " ind2=" ">
    <subfield code="a">FISKH </subfield>
    <subfield code="b">eng </subfield>
    <subfield code="c">FISKH </subfield>
    <subfield code="d">FISKH </subfield>
  </datafield>
  <datafield tag="082" ind1=" " ind2=" ">
    <subfield code="a">333.952</subfield>
  </datafield>
  <datafield tag="100" ind1=" " ind2=" ">
    <subfield code="a">Sarith, Huot </subfield>
  </datafield>
  <datafield tag="245" ind1=" " ind2=" ">
    <subfield code="a">&#x1787;&#x17B8;&#x179C;&#x17C8;&#x1785;&#x1798;&#x17D2;&#x179A;&#x17BB;&#x17C7;&#x1793;&#x17C5;&#x1791;&#x1793;&#x17D2;&#x179B;&#x17C1;&#x1798;&#x17C1;&#x1782;&#x1784;&#x17D2;&#x1782; &#x1793;&#x17B7;&#x1784; &#x1794;&#x17B9;&#x1784;&#x1791;&#x1793;&#x17D2;&#x179B;&#x17C1;&#x179F;&#x17B6;&#x1794; / </subfield>
    <subfield code="c">&#x1793;&#x17B7;&#x1796;&#x1793;&#x17D2;&#x1792;&#x178A;&#x17C4;&#x1799; &#x17A0;&#x17BD;&#x178F; &#x179F;&#x17B6;&#x179A;&#x17B7;&#x1791;&#x17D2;&#x1792;&#x200B;&#x200B;, &#x1794;&#x17CA;&#x17BB;&#x178F; &#x179F;&#x17BB;&#x1795;&#x179B;, &#x1786;&#x17B6;&#x1799; &#x178A;&#x17B6;&#x179C;&#x17B8;&#x1793; &#x1793;&#x17B7;&#x1784; Nathalie Tordjman - &#x1794;&#x17D2;&#x179A;&#x17B9;&#x1780;&#x17D2;&#x179F;&#x17B6;&#x1799;&#x17C4;&#x1794;&#x179B;&#x17CB;&#x178A;&#x17C4;&#x1799; Fran&#xE7;oise R&#xE9;camier</subfield>
  </datafield>
  <datafield tag="250" ind1=" " ind2=" ">
    <subfield code="a">&#x1794;&#x17C4;&#x17C7;&#x1796;&#x17BB;&#x1798;&#x17D2;&#x1796;&#x179B;&#x17BE;&#x1780;&#x1791;&#x17B8; &#x17E2; &#x179F;&#x17B8;&#x17A0;&#x17B6; &#x17E2;&#x17E0;&#x17E2;&#x17E1; </subfield>
  </datafield>
  <datafield tag="260" ind1=" " ind2=" ">
    <subfield code="a">Phnom Penh : </subfield>
    <subfield code="b">Sipar, </subfield>
    <subfield code="c">2021.</subfield>
  </datafield>
  <datafield tag="300" ind1=" " ind2=" ">
    <subfield code="a">37 pages : </subfield>
    <subfield code="b">map ; color illustrations ; </subfield>
    <subfield code="c">25 cm</subfield>
  </datafield>
  <datafield tag="490" ind1=" " ind2=" ">
    <subfield code="a">&#x179F;&#x17D2;&#x179C;&#x17C2;&#x1784;&#x1799;&#x179B;&#x17CB;&#x1796;&#x17B8;</subfield>
  </datafield>
  <datafield tag="505" ind1=" " ind2=" ">
    <subfield code="a">Z
</subfield>
  </datafield>
  <datafield tag="520" ind1=" " ind2=" ">
    <subfield code="a">&#x179F;&#x17D2;&#x179C;&#x17C2;&#x1784;&#x1799;&#x179B;&#x17CB;&#x1796;&#x17B8;&#x1787;&#x17B8;&#x179C;&#x1785;&#x1798;&#x17D2;&#x179A;&#x17BB;&#x17C7;&#x1793;&#x17C3;&#x1791;&#x1793;&#x17D2;&#x179B;&#x17C1;&#x1798;&#x17C1;&#x1782;&#x1784;&#x17D2;&#x1782; &#x1793;&#x17B7;&#x1784;&#x1794;&#x17B9;&#x1784;&#x1791;&#x1793;&#x17D2;&#x179B;&#x17C1;&#x179F;&#x17B6;&#x1794; &#x178A;&#x17BE;&#x1798;&#x17D2;&#x1794;&#x17B8;&#x178A;&#x17B9;&#x1784;&#x1796;&#x17B8;&#x1787;&#x17B8;&#x179C;&#x1797;&#x17B6;&#x1796;&#x179A;&#x179F;&#x17CB;&#x1793;&#x17C5;&#x179A;&#x1794;&#x179F;&#x17CB;&#x1798;&#x1793;&#x17BB;&#x179F;&#x17D2;&#x179F; &#x179F;&#x178F;&#x17D2;&#x179C;&#x179F;&#x17D2;&#x179B;&#x17B6;&#x1794; &#x179F;&#x178F;&#x17D2;&#x179C;&#x1780;&#x17D2;&#x1793;&#x17BB;&#x1784;&#x1791;&#x17B9;&#x1780; &#x1793;&#x17B7;&#x1784;&#x179A;&#x17BB;&#x1780;&#x17D2;&#x1781;&#x1787;&#x17B6;&#x178F;&#x17B7;&#x1795;&#x17D2;&#x179F;&#x17C1;&#x1784;&#x17D7; &#x179A;&#x17BD;&#x1798;&#x1787;&#x17B6;&#x1798;&#x17BD;&#x1799;&#x1793;&#x17B9;&#x1784;&#x179A;&#x178A;&#x17BC;&#x179C;&#x1791;&#x17B9;&#x1780;&#x1787;&#x17C6;&#x1793;&#x1793;&#x17CB; &#x1793;&#x17B7;&#x1784;&#x179A;&#x178A;&#x17BC;&#x179C;&#x1794;&#x17D2;&#x179A;&#x17B6;&#x17C6;&#x1784;&#x17D4;</subfield>
  </datafield>
  <datafield tag="520" ind1=" " ind2=" ">
    <subfield code="a">Discover Biodiversity of Mekong and Tonle Sap Lake to know the livelihood of people, birds, water animals and various plants along with flooded season and dried season.</subfield>
  </datafield>
  <datafield tag="521" ind1="8" ind2=" ">
    <subfield code="a">890

</subfield>
    <subfield code="b">Lexile estimate
</subfield>
  </datafield>
  <datafield tag="521" ind1="8" ind2=" ">
    <subfield code="a">Z
</subfield>
    <subfield code="b">Raz-Plus
</subfield>
  </datafield>
  <datafield tag="650" ind1=" " ind2=" ">
    <subfield code="a">&#x1787;&#x17B8;&#x179C;&#x17C8;&#x1785;&#x1798;&#x17D2;&#x179A;&#x17BB;&#x17C7; </subfield>
    <subfield code="v">&#x1792;&#x1798;&#x17D2;&#x1798;&#x1787;&#x17B6;&#x178F;&#x17B7; </subfield>
    <subfield code="x">&#x179A;&#x178A;&#x17BC;&#x179C; </subfield>
    <subfield code="y">&#x1780;&#x17B6;&#x179A;&#x179A;&#x179F;&#x17CB;&#x1793;&#x17C5; </subfield>
  </datafield>
  <datafield tag="650" ind1=" " ind2=" ">
    <subfield code="a">Biodiversity </subfield>
    <subfield code="v">Nature </subfield>
    <subfield code="x">Season </subfield>
    <subfield code="y">Living </subfield>
  </datafield>
  <datafield tag="700" ind1=" " ind2=" ">
    <subfield code="a">Sophal Bot </subfield>
    <subfield code="e">Author </subfield>
  </datafield>
  <datafield tag="700" ind1=" " ind2=" ">
    <subfield code="a">Davin, Chhay </subfield>
    <subfield code="e">Author </subfield>
  </datafield>
  <datafield tag="700" ind1=" " ind2=" ">
    <subfield code="a">Tordjman, Nathalie </subfield>
    <subfield code="e">Author </subfield>
  </datafield>
  <datafield tag="700" ind1=" " ind2=" ">
    <subfield code="a">Visal, Seng </subfield>
    <subfield code="e">illustrator </subfield>
  </datafield>
  <datafield tag="700" ind1=" " ind2=" ">
    <subfield code="a">Ratha, Ouk </subfield>
    <subfield code="e">illustrator</subfield>
  </datafield>
  <datafield tag="700" ind1=" " ind2=" ">
    <subfield code="d">Visoth, Seng </subfield>
    <subfield code="e">illustrator </subfield>
  </datafield>
  <datafield tag="942" ind1=" " ind2=" ">
    <subfield code="2">ddc</subfield>
    <subfield code="c">BK</subfield>
    <subfield code="n">0</subfield>
  </datafield>
  <datafield tag="999" ind1=" " ind2=" ">
    <subfield code="c">1544</subfield>
    <subfield code="d">1544</subfield>
  </datafield>
  <datafield tag="952" ind1=" " ind2=" ">
    <subfield code="0">0</subfield>
    <subfield code="1">0</subfield>
    <subfield code="2">ddc</subfield>
    <subfield code="4">0</subfield>
    <subfield code="7">0</subfield>
    <subfield code="8">KHMERNF</subfield>
    <subfield code="a">001</subfield>
    <subfield code="b">001</subfield>
    <subfield code="c">KHRS</subfield>
    <subfield code="d">2023-09-06</subfield>
    <subfield code="l">0</subfield>
    <subfield code="o">SAR 333.952</subfield>
    <subfield code="p">2023-0494</subfield>
    <subfield code="r">2023-09-06 10:31:11</subfield>
    <subfield code="t">1</subfield>
    <subfield code="w">2023-09-06</subfield>
    <subfield code="y">BK</subfield>
  </datafield>
  <datafield tag="952" ind1=" " ind2=" ">
    <subfield code="0">0</subfield>
    <subfield code="1">0</subfield>
    <subfield code="2">ddc</subfield>
    <subfield code="4">0</subfield>
    <subfield code="7">0</subfield>
    <subfield code="8">KHMERNF</subfield>
    <subfield code="a">001</subfield>
    <subfield code="b">001</subfield>
    <subfield code="c">KHRS</subfield>
    <subfield code="d">2023-09-06</subfield>
    <subfield code="l">2</subfield>
    <subfield code="o">SAR 333.952</subfield>
    <subfield code="p">2023-0495</subfield>
    <subfield code="r">2025-06-09 14:19:34</subfield>
    <subfield code="s">2024-12-03</subfield>
    <subfield code="t">2</subfield>
    <subfield code="w">2023-09-06</subfield>
    <subfield code="y">BK</subfield>
  </datafield>
</record>
